banner koha

Digestibilidade aparente de graos de soja crus ou torrados e do farelo de soja, para ruminantes (Registro n. 141288)

MARC details
000 -LÍDER
campo de controle de tamanho fixo 00845nas a2200289 4500
001 - NÚMERO DE CONTROLE
campo de controle BR9501946
003 - IDENTIFICADOR DO NÚMERO DE CONTROLE
campo de controle BR-BrBNA
005 - DATA E HORÁRIO DA ÚLTIMA TRANSAÇÃO
campo de controle 20231205093944.0
007 - CAMPO FIXO DE DESCRIÇÃO FÍSICA--INFORMAÇÃO GERAL
campo de controle de tamanho fixo ta
008 - CAMPO DE DADOS FIXOS--INFORMAÇÃO GERAL
campo de controle de tamanho fixo 230509b bl.|||p| |||| 00| 00por d
040 ## - FONTE DA CATALOGAÇÃO
Instituição da catalogação original BR-BrBNA
Idioma da catalogação por
Instituição que transcreveu o registro Biblioteca Nacional de Agricultura
041 ## - CÓDIGO DE IDIOMA
Código do idioma do texto/trilha sonora ou título diferente (Pt)
072 ## - CÓDIGO DE CATEGORIA DE ASSUNTO
Código de Categoria de Assunto L51
100 1# - ENTRADA PRINCIPAL--NOME PESSOAL
Nome pessoal Valvasori, E.
100 1# - ENTRADA PRINCIPAL--NOME PESSOAL
Nome pessoal Lucci, C. de S.
100 1# - ENTRADA PRINCIPAL--NOME PESSOAL
Nome pessoal Pires, F.L.
100 1# - ENTRADA PRINCIPAL--NOME PESSOAL
Nome pessoal Melotti, L.
245 1# - TÍTULO
Título Digestibilidade aparente de graos de soja crus ou torrados e do farelo de soja, para ruminantes
650 ## - ASSUNTO--TERMO TÓPICO
Cabeçalho tópico ou nome geográfico Novilho
650 ## - ASSUNTO--TERMO TÓPICO
Cabeçalho tópico ou nome geográfico Soja
650 ## - ASSUNTO--TERMO TÓPICO
Cabeçalho tópico ou nome geográfico Grao
650 ## - ASSUNTO--TERMO TÓPICO
Cabeçalho tópico ou nome geográfico Farelo
650 ## - ASSUNTO--TERMO TÓPICO
Cabeçalho tópico ou nome geográfico Digestibilidade
773 0# - ENTRADA ANALÍTICA
Título Boletim de Industria Animal (Brazil)
ISSN - International Standard Serial Number ISSN 0067-9615
Partes relacionadas (Jul-Dec 1992), v. 49(2) p. 125-130
Número de controle do registro BR9501946
909 ## -
-- 202311
-- Lúcia
-- 55
-- Lúcia Elande
942 ## - ELEMENTOS DE ENTRADA ADICIONADOS (KOHA)
Fonte da classificação ou esquema de arquivamento na estante Classificação AGRIS
Ocultar no OPAC Não
Tipo de material Koha Analítica
Exemplares
Situação do descarte Fonte da classificação ou esquema de arquivamento na estante Situação física Não pode ser emprestado Biblioteca de origem Biblioteca atual Localização na estante Enumeração do periódico / cronologia Total de empréstimos Data de último acesso Número do exemplar Tipo de material Koha Fonte de aquisição
  Classificação AGRIS   Consulta local Biblioteca Nacional de Agricultura - Binagri Biblioteca Nacional de Agricultura - Binagri   (Jul-Dec 1992), v. 49(2) p. 125-130   29/11/2023 01 Periódicos Portaria Interministerial nº 164/94

BINAGRI

Telefone: (61)3218-2567/2388/3357/2097 - binagri@agro.gov.br

Ministério da Agricultura e Pecuária , Esplanada dos Ministérios, Bloco D, Anexo B, Brasília/DF, CEP: 70.043-900